| 000 | 00447nam a22001577a 4500 | ||
|---|---|---|---|
| 003 | OSt | ||
| 005 | 20140310182514.0 | ||
| 008 | 130808t xxu||||| |||| 00| 0 eng d | ||
| 050 |
_aPS 2384 _b.M531 1999 |
||
| 100 |
_aMelville, Herman _93156 |
||
| 245 |
_aMoby-dick / _bHerman Melville; introduced by Cyrus R. K. Patell. |
||
| 260 |
_aNew York : _bSimon and Schuster, _c1999. |
||
| 300 |
_a610 p. ; _c18 cm. |
||
| 942 |
_2lcc _cSSLC |
||
| 999 |
_c13941 _d13941 |
||